| 000 | 00723nam a2200193Ia 4500 | ||
|---|---|---|---|
| 003 | GCL | ||
| 008 | 140319s9999 xx 000 0 ara d | ||
| 040 |
_aGCL / _cGCL |
||
| 082 | 0 | 4 |
_aق _b928.1 _bع ا |
| 100 | 1 | _aعبدالمنعم ابراهيم الجميعى | |
| 245 | 1 | 0 |
_aاتجاهات الكتابة التاريخية فى تاريخ مصر الحديث والمعاصر / _cعبدالمنعم ابراهيم الجميعى |
| 260 |
_a[S.N] : _bعين للدراسات والبحوث الانسانية والاجتماعية ، _c1994 |
||
| 300 | _a249 ص | ||
| 490 | _a | ||
| 650 | 0 | 4 | _aمصر |
| 650 | 0 | 4 | _aالمؤرخون المصريون |
| 650 | 0 | 4 | _aالادباء المصريون |
| 942 |
_2ddc _cBK |
||
| 999 |
_c52485 _d52485 |
||